[Event "Irkutsk-ch op"]
[Site "Irkutsk"]
[Date "2016.03.12"]
[Round "8"]
[White "Samarin, Sergei"]
[Black "Mikeshin, Sergey Alekseevich"]
[Result "0-1"]
[WhiteElo "2025"]
[BlackElo "2136"]
[PlyCount "48"]
[EventDate "2016.02.13"]
[EventType "swiss"]
[EventRounds "9"]
[EventCountry "RUS"]
[SourceTitle "EXT 2018"]
[Source "ChessBase"]
[SourceDate "2017.10.13"]
[SourceVersion "1"]
[SourceVersionDate "2017.10.13"]
[SourceQuality "1"]

1. e4 c5 2. Nf3 Nc6 3. d4 cxd4 4. Nxd4 e6 5. Nc3 d6 6. Be3 Nf6 7. f4 Be7 8. Qf3 a6 9. 0-0-0 Qc7 10. Rg1 0-0 11. g4 Nxd4 12. Bxd4 b5 13. Bd3 b4 14. g5 Nd7 15. Nd5 exd5 16. exd5 g6 17. Qh3 Re8 18. Rg4 f5 19. Bxf5 gxf5 20. g6 h5 21. Qxh5 Nf6 22. Qh6 fxg4 23. Re1 Bf5 24. c3 Bf8 0-1

[Event "Sibiria Region-ch"]
[Site "Irkutsk"]
[Date "2010.05.22"]
[Round "9"]
[White "Mikeshin, Sergey Alekseevich"]
[Black "Tugarin, Anton"]
[Result "1/2-1/2"]
[WhiteElo "2159"]
[BlackElo "1968"]
[PlyCount "105"]
[EventDate "2010.05.15"]
[EventType "swiss"]
[EventRounds "9"]
[EventCountry "RUS"]
[SourceTitle "CBM 136 Extra"]
[Source "ChessBase"]
[SourceDate "2010.07.02"]
[SourceVersion "2"]
[SourceVersionDate "2010.07.15"]
[SourceQuality "1"]

1. d4 f5 2. c4 e6 3. g3 Nf6 4. Bg2 c6 5. Nf3 d5 6. 0-0 Bd6 7. b3 Qe7 8. a4 0-0 9. Ba3 Bxa3 10. Nxa3 Nbd7 11. Qc2 Ne4 12. Nb1 Rf6 13. Nbd2 Rh6 14. a5 a6 15. h4 Rf6 16. Ne1 e5 17. dxe5 Nxe5 18. cxd5 cxd5 19. Nd3 Bd7 20. Qb2 Ng6 21. h5 Nf8 22. Nf3 Bc6 23. Nd4 Nd7 24. Rac1 Raf8 25. e3 Qf7 26. Nf4 g5 27. hxg6 hxg6 28. Bf3 g5 29. Nd3 Qh7 30. Bg2 Kf7 31. Nf3 Rh8 32. Nde5+ Nxe5 33. Qxe5 Kg6 34. Rfd1 Re8 35. Qd4 Qe7 36. b4 Re6 37. Re1 Qd7 38. Rc2 Qe7 39. Rec1 Qd7 40. Bf1 Nd6 41. Qd3 Nb5 42. Bg2 Rh8 43. Nd4 Nxd4 44. Qxd4 Qh7 45. Rc5 Qh2+ 46. Kf1 Rd8 47. Qd3 g4 48. R1c2 Red6 49. Qd4 R8d7 50. Qf4 Bb5+ 51. Rxb5 axb5 52. Rc5 Qh8 53. e4 1/2-1/2

[Event "Sibiria Region-ch"]
[Site "Irkutsk"]
[Date "2010.05.18"]
[Round "5"]
[White "Mikeshin, Sergey Alekseevich"]
[Black "Kuznetsov, Vladimir2222"]
[Result "1-0"]
[WhiteElo "2159"]
[BlackElo "2006"]
[PlyCount "91"]
[EventDate "2010.05.15"]
[EventType "swiss"]
[EventRounds "9"]
[EventCountry "RUS"]
[SourceTitle "CBM 136 Extra"]
[Source "ChessBase"]
[SourceDate "2010.07.02"]
[SourceVersion "2"]
[SourceVersionDate "2010.07.15"]
[SourceQuality "1"]

1. d4 Nf6 2. c4 g6 3. g3 Bg7 4. Bg2 0-0 5. Nc3 d6 6. Nf3 Nbd7 7. 0-0 c6 8. e4 e5 9. Re1 Ne8 10. Be3 h6 11. Qd2 Kh7 12. Rad1 Qe7 13. b3 Ndf6 14. h3 Ng8 15. c5 dxc5 16. d5 Qd6 17. Qc1 b6 18. Bf1 f5 19. dxc6 Qxc6 20. exf5 gxf5 21. Bg2 Bb7 22. Nh4 Qc8 23. Nd5 Nef6 24. g4 Nxd5 25. Bxd5 Bxd5 26. Rxd5 Ne7 27. Rd6 Bf6 28. Bxh6 Bxh4 29. Bxf8 Qxf8 30. Rxe5 Qg7 31. Ree6 Ng8 32. f4 fxg4 33. Qb1+ Kh8 34. Rg6 Qf8 35. Qb2+ Kh7 36. Rxg4 Bf6 37. Qc2+ Kh8 38. Rd7 Qh6 39. Kg2 Bd4 40. Qg6 Qxg6 41. Rxg6 Re8 42. Rxa7 Nf6 43. Rb7 Re2+ 44. Kf1 Rf2+ 45. Ke1 Nd5 46. Rd6 1-0

[Event "Sibiria Region-ch"]
[Site "Irkutsk"]
[Date "2009.05.11"]
[Round "2"]
[White "Mikeshin, Sergey Alekseevich"]
[Black "Verzhansky, Alexander"]
[Result "1/2-1/2"]
[WhiteElo "2157"]
[BlackElo "2335"]
[PlyCount "71"]
[EventDate "2009.05.10"]
[EventType "swiss"]
[EventRounds "9"]
[EventCountry "RUS"]
[SourceTitle "CBM 130 Extra"]
[Source "ChessBase"]
[SourceDate "2009.07.02"]
[SourceVersion "2"]
[SourceVersionDate "2009.07.15"]
[SourceQuality "1"]

1. d4 d5 2. c4 c6 3. Nf3 Nf6 4. Nc3 a6 5. c5 Nbd7 6. Bf4 Nh5 7. Bg5 g6 8. e3 Bg7 9. Be2 0-0 10. Nd2 Bf6 11. Bxf6 Nhxf6 12. f4 b6 13. b4 a5 14. a3 Ba6 15. 0-0 Qc7 16. Qc2 axb4 17. axb4 Bxe2 18. Nxe2 Qb7 19. Qc3 Rxa1 20. Rxa1 Ra8 21. h3 Ra6 22. Rxa6 Qxa6 23. Nc1 b5 24. Nd3 Qa4 25. Ne5 Qd1+ 26. Kf2 Nxe5 27. dxe5 Qxd2+ 28. Qxd2 Ne4+ 29. Ke2 Nxd2 30. Kxd2 h5 31. g4 hxg4 32. hxg4 e6 33. e4 dxe4 34. Ke3 Kg7 35. Kxe4 Kh6 36. Kf3 1/2-1/2

[Event "Irkutsk-ch final op"]
[Site "Irkutsk"]
[Date "2008.10.14"]
[Round "8"]
[White "Mikeshin, Sergey Alekseevich"]
[Black "Sergeev, Andrey2222"]
[Result "1/2-1/2"]
[WhiteElo "2051"]
[BlackElo "2030"]
[PlyCount "56"]
[EventDate "2008.09.30"]
[EventType "swiss"]
[EventRounds "9"]
[EventCountry "RUS"]
[SourceTitle "EXT 2022"]
[Source "ChessBase"]
[SourceDate "2021.10.06"]
[SourceVersion "1"]
[SourceVersionDate "2021.10.06"]
[SourceQuality "1"]

1. d4 d5 2. Nf3 Nf6 3. c4 c6 4. Nc3 e6 5. Bg5 h6 6. Bxf6 Qxf6 7. e3 Nd7 8. Bd3 dxc4 9. Bxc4 b5 10. Bd3 Bb7 11. 0-0 a6 12. a4 Bb4 13. e4 e5 14. d5 Bxc3 15. bxc3 cxd5 16. exd5 Bxd5 17. Bxb5 Bc6 18. Bxc6 Qxc6 19. Nh4 Qe6 20. Re1 0-0 21. Qh5 Rac8 22. Re3 Nf6 23. Qxe5 Qxe5 24. Rxe5 Rxc3 25. Ra5 Rfc8 26. h3 R8c6 27. Nf5 R6c5 28. Rxc5 Rxc5 1/2-1/2

[Event "Irkutsk City-ch"]
[Site "Irkutsk"]
[Date "2007.10.06"]
[Round "7"]
[White "Mikeshin, Sergey Alekseevich"]
[Black "Okunev, Lev"]
[Result "1-0"]
[WhiteElo "2031"]
[BlackElo "2225"]
[PlyCount "136"]
[EventDate "2007.09.16"]
[EventType "swiss"]
[EventRounds "9"]
[EventCountry "RUS"]
[SourceTitle "EXT 2009"]
[Source "ChessBase"]
[SourceDate "2008.11.26"]
[SourceVersion "1"]
[SourceVersionDate "2008.11.26"]
[SourceQuality "1"]

1. d4 Nf6 2. c4 e6 3. Nf3 b6 4. g3 Ba6 5. b3 Bb4+ 6. Bd2 Be7 7. Bg2 c6 8. Bc3 d5 9. Nbd2 0-0 10. Qc2 Nbd7 11. 0-0 Qc7 12. e4 dxe4 13. Ng5 b5 14. Ngxe4 Rab8 15. Rfe1 bxc4 16. bxc4 Bb4 17. Qa4 Bxc3 18. Nxc3 Bb7 19. Rab1 Ba8 20. c5 Rxb1 21. Rxb1 e5 22. Nde4 Nd5 23. Rc1 Rb8 24. Bh3 Nxc3 25. Nxc3 exd4 26. Qxd4 Ne5 27. Qf4 Qe7 28. Qe3 Ng6 29. Qxe7 Nxe7 30. Rc2 Rd8 31. Rb2 f5 32. Kf1 Kf7 33. Ke2 Kf6 34. Ke3 g5 35. f4 h6 36. Bf1 Ng6 37. Be2 Rd7 38. Ba6 Rd8 39. Ne2 Re8+ 40. Kf3 Rd8 41. Ke3 Ne7 42. Nc3 Ng6 43. Rb4 Re8+ 44. Kf2 Ke7 45. Ne2 Kd7 46. Rd4+ Ke7 47. Rd6 Kf7 48. Rd7+ Re7 49. Rxe7+ Nxe7 50. Ke3 Nd5+ 51. Kd4 Kf6 52. Bc4 Nc7 53. Kc3 Bb7 54. Nd4 h5 55. h4 gxh4 56. gxh4 Ne8 57. Be6 Ba6 58. Bxf5 Nc7 59. Be4 Nd5+ 60. Bxd5 cxd5 61. Kb4 Ke7 62. Kc3 Kd7 63. Kd2 Bc4 64. a3 a5 65. Ke3 a4 66. f5 Ke7 67. Kf4 Kf6 68. c6 Ba6 1-0

[Event "Irkutsk City-ch"]
[Site "Irkutsk"]
[Date "2007.10.03"]
[Round "6"]
[White "Ivenin, Vladimir"]
[Black "Mikeshin, Sergey Alekseevich"]
[Result "1-0"]
[WhiteElo "2040"]
[BlackElo "2031"]
[PlyCount "91"]
[EventDate "2007.09.16"]
[EventType "swiss"]
[EventRounds "9"]
[EventCountry "RUS"]
[SourceTitle "EXT 2009"]
[Source "ChessBase"]
[SourceDate "2008.11.26"]
[SourceVersion "1"]
[SourceVersionDate "2008.11.26"]
[SourceQuality "1"]

1. e4 c5 2. Nf3 Nc6 3. d4 cxd4 4. Nxd4 Qc7 5. Nb5 Qb8 6. c4 Nf6 7. N5c3 e6 8. f4 d6 9. Be2 Be7 10. Be3 b6 11. Nd2 Bb7 12. 0-0 0-0 13. a3 Re8 14. b4 e5 15. f5 Nd4 16. Bd3 Nd7 17. Nd5 Qd8 18. Qh5 Bxd5 19. exd5 h6 20. Bxh6 gxh6 21. f6 Bxf6 22. Qxh6 e4 23. Nxe4 Bg7 24. Qh5 f5 25. Nxd6 Rf8 26. Nxf5 Rxf5 27. Bxf5 Nxf5 28. Rxf5 Qe7 29. Raf1 Rf8 30. Rxf8+ Nxf8 31. Qf3 Nd7 32. Rd1 Qd6 33. Qf5 Ne5 34. c5 bxc5 35. Qc8+ Bf8 36. Rf1 cxb4 37. axb4 Nd7 38. Qc6 Nb6 39. Rd1 Qxb4 40. Qe6+ Kg7 41. d6 Qc5+ 42. Kh1 Qh5 43. Rf1 a5 44. d7 Nxd7 45. Qxd7+ Kg8 46. Rf3 1-0

[Event "Irkutsk City-ch"]
[Site "Irkutsk"]
[Date "2007.09.21"]
[Round "3"]
[White "Mikeshin, Sergey Alekseevich"]
[Black "Grudinin, Evgeny"]
[Result "1/2-1/2"]
[WhiteElo "2031"]
[BlackElo "2146"]
[PlyCount "78"]
[EventDate "2007.09.16"]
[EventType "swiss"]
[EventRounds "9"]
[EventCountry "RUS"]
[SourceTitle "EXT 2009"]
[Source "ChessBase"]
[SourceDate "2008.11.26"]
[SourceVersion "1"]
[SourceVersionDate "2008.11.26"]
[SourceQuality "1"]

1. d4 d5 2. c4 e6 3. Nc3 Nf6 4. Bg5 Be7 5. e3 0-0 6. Nf3 h6 7. Bh4 Ne4 8. Bxe7 Qxe7 9. Nxe4 dxe4 10. Nd2 f5 11. Qc2 Nd7 12. Rc1 c5 13. dxc5 Nxc5 14. b4 Nd3+ 15. Bxd3 exd3 16. Qxd3 Qxb4 17. 0-0 Qe7 18. c5 Rd8 19. Qc3 Bd7 20. Nf3 Bb5 21. Rfe1 Rac8 22. Qa5 a6 23. Nd4 Bc6 24. Qb6 Bd5 25. a3 Qf7 26. f4 Re8 27. c6 bxc6 28. Nxc6 Qc7 29. Qxc7 Rxc7 30. Nb4 Rxc1 31. Rxc1 Be4 32. Nxa6 Ra8 33. Nc5 Rxa3 34. Nxe4 fxe4 35. Rc4 Rxe3 36. Kf2 Rb3 37. Rxe4 Kf7 38. Re3 Rb5 39. Kf3 Kf6 1/2-1/2

[Event "Sibiria Region-ch"]
[Site "Russia"]
[Date "2007.03.26"]
[Round "9"]
[White "Iskulov, Viktor"]
[Black "Mikeshin, Sergey Alekseevich"]
[Result "1-0"]
[WhiteElo "2120"]
[BlackElo "2591"]
[PlyCount "75"]
[EventDate "2007.03.18"]
[EventType "swiss"]
[EventRounds "9"]
[EventCountry "RUS"]
[SourceTitle "EXT 2008"]
[Source "ChessBase"]
[SourceDate "2007.11.25"]
[SourceVersion "1"]
[SourceVersionDate "2007.11.25"]
[SourceQuality "1"]

1. d4 Nf6 2. Nf3 e6 3. c4 b6 4. a3 Bb7 5. Nc3 d5 6. Qc2 Be7 7. Bf4 c6 8. cxd5 cxd5 9. e3 0-0 10. Bd3 h6 11. h3 Nc6 12. g4 Rc8 13. g5 hxg5 14. Nxg5 Kh8 15. Rg1 Nh5 16. Ba6 Bxg5 17. Rxg5 Qxg5 18. Bxg5 Bxa6 19. Qd1 g6 20. Kd2 Na5 21. b4 Nc4+ 22. Ke1 Nb2 23. Qd2 Nd3+ 24. Kf1 Nxb4+ 25. Kg2 Nc6 26. e4 Na5 27. e5 Nb3 28. Qe1 Nxa1 29. Qxa1 Bd3 30. a4 Rc7 31. Nb5 Bxb5 32. axb5 Rfc8 33. Qa3 Rd7 34. h4 Kg7 35. Qf3 Rc4 36. Bf6+ Kg8 37. Qe3 Rdc7 38. Qh6 1-0

[Event "Sibiria Region-ch"]
[Site "Russia"]
[Date "2007.03.20"]
[Round "3"]
[White "Dolsonov, Ayusha"]
[Black "Mikeshin, Sergey Alekseevich"]
[Result "1-0"]
[WhiteElo "1958"]
[BlackElo "2591"]
[PlyCount "67"]
[EventDate "2007.03.18"]
[EventType "swiss"]
[EventRounds "9"]
[EventCountry "RUS"]
[SourceTitle "EXT 2008"]
[Source "ChessBase"]
[SourceDate "2007.11.25"]
[SourceVersion "1"]
[SourceVersionDate "2007.11.25"]
[SourceQuality "1"]

1. e4 c5 2. Nf3 Nc6 3. d4 cxd4 4. Nxd4 Qc7 5. g3 Qe5 6. Nf3 Qxe4+ 7. Be3 Qb4+ 8. Nc3 Nf6 9. a3 Qa5 10. b4 Qd8 11. Bg2 e6 12. Nb5 Nd5 13. Bg5 f6 14. Bc1 a6 15. Nbd4 b5 16. 0-0 Be7 17. Nh4 0-0 18. Bxd5 exd5 19. Ndf5 Rf7 20. Qxd5 Bb7 21. Bh6 Na5 22. Qd1 Nc4 23. Bf4 g5 24. Nh6+ Kf8 25. Nxf7 Kxf7 26. Qh5+ Kf8 27. Qxh7 Bd5 28. Rfe1 Be6 29. Rad1 Ne5 30. Bxe5 gxh4 31. Bf4 Qc8 32. Rxe6 dxe6 33. Bh6+ Ke8 34. Qg6# 1-0

[Event "Sibiria Region-ch"]
[Site "Russia"]
[Date "2007.03.19"]
[Round "2"]
[White "Mikeshin, Sergey Alekseevich"]
[Black "Kezin, Roman"]
[Result "0-1"]
[WhiteElo "2591"]
[BlackElo "2131"]
[PlyCount "130"]
[EventDate "2007.03.18"]
[EventType "swiss"]
[EventRounds "9"]
[EventCountry "RUS"]
[SourceTitle "EXT 2008"]
[Source "ChessBase"]
[SourceDate "2007.11.25"]
[SourceVersion "1"]
[SourceVersionDate "2007.11.25"]
[SourceQuality "1"]

1. d4 d5 2. Nf3 Nf6 3. c4 e6 4. Nc3 c6 5. cxd5 exd5 6. Bg5 Be7 7. e3 0-0 8. Be2 Re8 9. 0-0 Bf5 10. Nh4 Be6 11. Qc2 h6 12. Bxf6 Bxf6 13. Nf3 Nd7 14. b4 Rc8 15. Rfc1 Qe7 16. Rab1 Red8 17. Qa4 a6 18. Qa5 Qd6 19. Qa4 Bf5 20. Rb2 Ra8 21. Qd1 b5 22. Nd2 Nb6 23. Nb3 Qxb4 24. Qd2 Qe7 25. Nc5 Nc4 26. Bxc4 dxc4 27. Qe2 Be6 28. N3e4 Bd5 29. Nxf6+ Qxf6 30. a4 Qg5 31. Qf1 Qe7 32. a5 Rdb8 33. Qe1 Re8 34. Re2 Qg5 35. e4 Be6 36. f3 Rad8 37. Rd1 Rxd4 38. Rxd4 Qxc5 39. Qf2 b4 40. f4 c3 41. f5 Bc4 42. Rc2 f6 43. Kh1 Bf7 44. Qe3 Kh7 45. h3 Rd8 46. Rd3 Qxe3 47. Rxe3 Rd1+ 48. Kh2 b3 49. Rexc3 bxc2 50. Rxc2 Ra1 51. Rc5 Ra3 52. g4 Ra4 53. Kg3 Rxe4 54. Rxc6 Bc4 55. Kf3 Bd5 56. Rc5 Bb7 57. Kf2 Rb4 58. Rc7 Bd5 59. Ke3 Rb5 60. h4 Rxa5 61. g5 hxg5 62. hxg5 fxg5 63. f6 Kg6 64. fxg7 Bg8 65. Kf3 Bf7 0-1